00373nam a22000977a 4500008004100000020001500041082002000056245011100076260007700187300001100264230627b xxu||||| |||| 00| 0 eng d a9966949038 a338.1bNYA 2000 aDElivery of Services to Smallholder Coffee Farmers and Impacts on Production Under Liberalization in Kenya aKenyabThe Kenya Institute for Public Policy Research and Analysisc2000 aVI,44p